Statistics for Countries by Second and Third Letter #7

Click here to take the quiz!

General Stats

  • This quiz has been taken 416 times
    (194 since last reset)
  • The average score is 13 of 22

Answer Stats

Hint Answer % Correct
UXLuxembourg
86%
EWNew Zealand
84%
AHBahrain
76%
QUEquatorial Guinea
76%
AUMauritania
71%
AHBahamas
69%
AUMauritius
69%
OTBotswana
65%
URTurkey
63%
LSEl Salvador
59%
AUNauru
58%
AOLaos
58%
ARParaguay
57%
URTurkmenistan
56%
URBurundi
53%
AOSão Tomé and Principe
51%
URSuriname
51%
ARBarbados
47%
NTAntigua and Barbuda
46%
AUSaudi Arabia
43%
URBurkina Faso
43%
ARMarshall Islands
20%

Score Distribution

Percentile by Number Answered

Percent of People with Each Score

Your Score History

You have not taken this quiz since the last reset